John : (Record no. 9151)

MARC details
000 -LEADER
fixed length control field 01799cam a22003974i 4500
001 - CONTROL NUMBER
control field 44046813
003 - CONTROL NUMBER IDENTIFIER
control field OCoLC
005 - DATE AND TIME OF LATEST TRANSACTION
control field 20241126110706.0
008 - FIXED-LENGTH DATA ELEMENTS--GENERAL INFORMATION
fixed length control field 000503s2000 miu b 001 0 eng
010 ## -
-- 00033383
020 ## - INTERNATIONAL STANDARD BOOK NUMBER
International Standard Book Number 0310497507
Qualifying information (alk. paper)
020 ## - INTERNATIONAL STANDARD BOOK NUMBER
International Standard Book Number 9780310497509
Qualifying information (alk. paper)
035 ## - SYSTEM CONTROL NUMBER
System control number tcgc278536
035 ## - SYSTEM CONTROL NUMBER
System control number (OCoLC)44046813
040 ## - CATALOGING SOURCE
Original cataloging agency DLC
Language of cataloging eng
Description conventions rda
Transcribing agency DLC
Modifying agency BAKER
-- NLGGC
-- BTCTA
-- YDXCP
-- OCLCG
-- IG#
-- OCLCQ
-- OCLCO
-- OUP
-- OCLCF
-- OCLCA
-- OCLCQ
-- NZABT
-- MNLUT
042 ## -
-- pcc
050 00 -
-- BS2615.3
-- .B79 2000
082 00 - DEWEY DECIMAL CLASSIFICATION NUMBER
Classification number 220.77
-- 226.5077
Edition information 21
Item number NIV
100 1# - MAIN ENTRY--PERSONAL NAME
Personal name Burge, Gary M.,
Dates associated with a name 1952-
Authority record control number or standard number http://id.loc.gov/authorities/names/n86109569
9 (RLIN) 15612
245 10 - TITLE STATEMENT
Title John :
Remainder of title from biblical text ... to contemporary life /
Statement of responsibility, etc. Gary M. Burge.
264 #1 - PRODUCTION, PUBLICATION, DISTRIBUTION, MANUFACTURE, AND COPYRIGHT NOTICE
Place of production, publication, distribution, manufacture Grand Rapids, Mich. :
Name of producer, publisher, distributor, manufacturer Zondervan,
Date of production, publication, distribution, manufacture, or copyright notice [2000]
264 #4 - PRODUCTION, PUBLICATION, DISTRIBUTION, MANUFACTURE, AND COPYRIGHT NOTICE
Date of production, publication, distribution, manufacture, or copyright notice ℗♭2000.
300 ## - PHYSICAL DESCRIPTION
Extent 618 pages ;
Dimensions 24 cm.
336 ## - CONTENT TYPE
Content type term text
Content type code txt
Source rdacontent
337 ## - MEDIA TYPE
Media type term unmediated
Media type code n
Source rdamedia
338 ## - CARRIER TYPE
Carrier type term volume
Carrier type code nc
Source rdacarrier
490 1# - SERIES STATEMENT
Series statement The NIV application commentary.
504 ## - BIBLIOGRAPHY, ETC. NOTE
Bibliography, etc. note Includes bibliographical references and indexes.
505 0# - FORMATTED CONTENTS NOTE
Formatted contents note Series Introduction -- General Editor's Preface -- Author's Preface -- Abbreviations -- Introduction -- The Structure of John's Gospel -- Bibliography -- Text and Commentary on John,
630 00 - SUBJECT ADDED ENTRY--UNIFORM TITLE
Uniform title Bible.
Name of part/section of a work John
Authority record control number or standard number http://id.loc.gov/authorities/names/n79060414
Form subdivision Commentaries.
Authority record control number or standard number http://id.loc.gov/authorities/subjects/sh99001404
9 (RLIN) 3972
650 #4 - SUBJECT ADDED ENTRY--TOPICAL TERM
Topical term or geographic name entry element Bible. John
General subdivision Commentaries.
9 (RLIN) 15960
655 #7 - INDEX TERM--GENRE/FORM
Genre/form data or focus term Commentaries.
Source of term fast
Authority record control number or standard number http://id.worldcat.org/fast/1423723
9 (RLIN) 875
830 #0 -
-- NIV application commentary.
-- http://id.loc.gov/authorities/names/n94048887
-- 1769
856 4# - ELECTRONIC LOCATION AND ACCESS
Materials specified Cover image
Uniform Resource Identifier <a href="https://covers.openlibrary.org/b/id/171457-M.jpg">https://covers.openlibrary.org/b/id/171457-M.jpg</a>
942 ## - ADDED ENTRY ELEMENTS (KOHA)
Source of classification or shelving scheme Dewey Decimal Classification
Koha item type Reference Books
Holdings
Withdrawn status Lost status Source of classification or shelving scheme Damaged status Not for loan Home library Current Library Shelving location Date acquired Total checkouts Full call number Barcode Date last seen Copy number Price effective from Koha item type
    Dewey Decimal Classification     GRACE BIBLE COLLEGE GRACE BIBLE COLLEGE Commentary 2022-04-18   220.77 NIV 015550 2025-05-01 v.27 2022-04-18 Reference Books
© Grace Bible College Library 2025